Responses for Show #3243 - Wednesday, October 14, 1998

Melizza Zygmunt game 5.

Contestants

[<< previous game]

David Glickman, a chairman and CEO of an investment firm from Chicago, Illinois

Diane Green, a travel consultant from Seattle, Washington

Melizza Zygmunt, a stay-at-home mom from Valparaiso, Indiana (whose 4-day cash winnings total $23,599)

[next game >>]

Jeopardy! Round responses

SUITE TALK
COLORS IN NATURE
REALLY OLD HISTORY
CLASSIC CARTOON CHARACTERS
GUYS NAMED GARY
BIRD WORDS & PHRASES
    $100 7
Spain

Melizza
    $100 17
red

David
    $100 1
Rome

David
    $100 14
Dudley Do-Right

David
    $100 2
(Melizza: Who is Trudeau?)

Gary Larson

Melizza
Triple Stumper
    $100 24
flock together

Diane
    $200 8
Johann Sebastian Bach

Melizza
    $200 20
(standard color)

pink

Melizza
    $200 12
(Alex: Then [*] killed him!)

Attila

Melizza
    $200 15
Huckleberry Hound

Diane
    $200 3
Gary Sinise

Diane
    $200 25
kill a mockingbird

David
    $300 9
Georges Bizet

Melizza
    $300 21
purple

David
    $300 13
gold

David
    $300 16
(Diane: Who is Mighty Dog?)

Underdog

Diane
Triple Stumper
    $300 4
Gary Player

David
    $300 28
(David: Why don't you give me the BIRD for $400?)
(Alex: Okay!)

hen's teeth

David
    $400 10
the Nutcracker Suite

Melizza
    $400 22
brown

Diane
    $400 26
doge

Melizza
    $400 18
Droopy Dog

Triple Stumper
    $400 5
(Diane: Who is Gary Owen... Gary Oldman?)
...
(David: Let's finish with GARY already.)

Gary Owens

DianeDavid
    $400 29
[The end-of-round signal sounds.]

a bird's-eye view

Diane
    $500 11
(Diane: Who is Aaron Copland?)

Ferde Grofe

Diane
Triple Stumper
    $500 23
(Alex: We have less than a minute to go.)

the blue spruce

Diane
    $500 27
Britannia

David
    $500 19
Beany

Diane
    $500 6
Garry Kasparov

David

Scores at the first commercial break (after clue 10):

Melizza Diane David
$900 -$200 $1,300

Scores at the end of the Jeopardy! Round:

Melizza Diane David
$1,700 $1,100 $3,100

Double Jeopardy! Round responses

WATERFALLS
POETRY
FISH FRY!
SPORTS NICKNAMES
CAPT. COOK
"DAY"S OF WRATH
    $200 1
Niagara Falls

Diane
    $200 24
Robert Frost

Diane
    $200 11
Fish and chips

David
    $200 6
Mike Ditka/Mike Tyson

Melizza
    $200 16
(Melizza: What is Australia?)

Antarctica

MelizzaDiane
    $200 26
(Diane: What is the Apocalypse?)

Judgment Day

MelizzaDiane
    $400 2
(David: What is Victoria Falls?)

South Africa

DianeDavid
    $400 25
(Alex: With less than a minute to go.)

Robert Burns

Melizza
    $400 12
Sole

Diane
    $400 7
Jack Nicklaus

Melizza
    $400 17
The Friendly Islands

Diane
    $400 27
(David: What is Thursday?)

Wednesday

MelizzaDavid
    $600 3
Reichenbach Falls

Triple Stumper
    $600 19
(Alex: You have to identify the poet, players.)

Ogden Nash

David
    $600 13
The swordfish

Melizza
    $600 8
Willie Mays

Melizza
    $600 18
New Zealand

David
    $600 28
(Melizza: What is The Day of the Jackal?)

Dog Day Afternoon

MelizzaDiane
    $700 4
(Highest falls in the world.)

Angel Falls

Diane
    $800 20
Samuel Taylor Coleridge ("The Rime of the Ancient Mariner")

Melizza
    $800 14
Porgy

Diane
    $800 9
William Perry

Diane
    $800 22
Hawaii/Sandwich Islands

Diane
    $800 29
D-Day

Diane
    $1000 5
Mekong River

Triple Stumper
    $1000 21
Percy Shelley

Diane
    $2,000 15
Sturgeon

Diane
    $1000 10
Elroy Hirsch

David
    $1000 23
(David: What is Mars?)

Venus

MelizzaDavid
    $1000 30
"The Day After"

Melizza

Scores at the end of the Double Jeopardy! Round:

Melizza Diane David
$6,500 $10,200 $3,700

[wagering suggestions for these scores]

Final Jeopardy! Round responses

ROCK & ROLL HISTORY
(Alex: I lived through it!)
DavidWho is Chuck Berry?
$3,600
MelizzaWho is Chuck Berry?
$1,000
DianeWho was Buddy Holly?
$2,800
Buddy Holly (his backup group was called The Crickets)

Final scores:

Melizza Diane David
$5,500 $13,000 $100
2nd place: Daewoo 19-inch Color TV with built-in VCR & Broyhill Entertainment Armoire New champion: $13,000 3rd place: Store of Knowledge Gift Certificate

Game dynamics:

Coryat scores:

Melizza Diane David
$6,500 $9,300 $3,700
17 R
(including 1 DD),
3 W
21 R
(including 2 DDs),
4 W
15 R,
3 W

Combined Coryat: $19,500

[game clues] [game scores] [suggest correction]

Game tape date: 1998-08-12
The J! Archive is created by fans, for fans. Scraping, republication, monetization, and malicious use prohibited; this site may use cookies and collect identifying information. See terms. The Jeopardy! game show and all elements thereof, including but not limited to copyright and trademark thereto, are the property of Jeopardy Productions, Inc. and are protected under law. This website is not affiliated with, sponsored by, or operated by Jeopardy Productions, Inc. Join the discussion at JBoard.tv.